000 01312pam a2200361 a 4500
001 4328700
003 OSt
005 20230704120843.0
008 880503s1988 nyua j b 001 0 eng
010 _a 88017013
020 _a0531105903
040 _aDLC
_cDLC
_dDLC
042 _alcac
043 _an-us---
050 0 0 _aJK558
_b.K76 1988
082 0 0 _a353.03/22
_219
_bKRO
100 1 _aKronenwetter, Michael.
245 1 4 _aThe military power of the president /
_cMichael Kronenwetter.
260 _aNew York :
_bF. Watts,
_c1988.
300 _a144 p. :
_bill. ;
_c23 cm.
500 _aIncludes index.
504 _aBibliography: p. 130-139.
520 _aExamines the extent of military power held by America's commander-in-chief--a subject of much debate since the founding of the nation.
650 0 _aExecutive power
_zUnited States
_xJuvenile literature.
650 0 _aPresidents
_zUnited States
_xJuvenile literature.
650 0 _aWar and emergency powers
_zUnited States
_xJuvenile literature.
650 1 _aExecutive power.
650 1 _aPresidents.
650 1 _aWar and emergency powers.
906 _a7
_bcbc
_corignew
_d1
_eocip
_f19
_gy-gencatlg
942 _2ddc
_cBK
999 _c3776
_d3776